Development and conflicts / (Record no. 93555)

MARC details
000 -LEADER
fixed length control field 00626nam a22002177a 4500
005 - DATE AND TIME OF LATEST TRANSACTION
control field 20230410110904.0
010 ## - LCCN (DPL NO)
LC control number ENG-112982
020 ## - INTERNATIONAL STANDARD BOOK NUMBER
Terms of availability 300.00
International Standard Book Number 9789380036755
020 ## - INTERNATIONAL STANDARD BOOK NUMBER
Terms of availability 300.00
International Standard Book Number 9380036752
035 ## - SYSTEM CONTROL NUMBER
System control number EN-96514
037 ## - SOURCE OF ACQUISITION
Source of stock number/acquisition DBAD/PUB
082 ## - DEWEY DECIMAL CLASSIFICATION NUMBER
Classification number 303.60954
245 ## - TITLE STATEMENT
Title Development and conflicts /
Statement of responsibility, etc Edited by Debjani Roy [and] Kriti Avishek
260 ## - PUBLICATION, DISTRIBUTION, ETC. (IMPRINT)
Place of publication, distribution, etc Kolkata
Name of publisher, distributor, etc Mitram
Date of publication, distribution, etc 2015
270 ## - ADDRESS
City Kolkata
Postal code 700073
Address 37A, College Street,
300 ## - PHYSICAL DESCRIPTION
Extent 323p. :
Dimensions 24cm(pbk)
Other physical details ill.,maps
500 ## - GENERAL NOTE
General note Includes bibliographical references
700 ## - ADDED ENTRY--PERSONAL NAME
Personal name Roy, Debjani
700 ## - ADDED ENTRY--PERSONAL NAME
Personal name Kirti Avishek
942 ## - ADDED ENTRY ELEMENTS (KOHA)
Source of classification or shelving scheme Dewey Decimal Classification
Item type English Books
Call number suffix DEV
Holdings
Withdrawn status Lost status Not for loan Collection code Home library Current library Date acquired Source of acquisition Cost, normal purchase price Full call number Barcode Copy number Cost, replacement price Koha item type
      Non-fiction Central Jail Tihar Central Jail Tihar 13/05/2015 DBAD/PUB 300.00 303.60954 DEV EN-96514 1 300.00 English Books

© Delhi Public Library
Hit Counter
free hit counter